000 nam a22 a 4500
999 _c454422
_d454422
003 BLK
005 20220429092406.0
008 220429b bul|||||r ||||||| ||bul||
010 _aKNG00171321000
040 _aBLK
041 _aBUL
_cBUL
080 _aБългарски език
_b811.163.2
_x(038)
_z811.163.2(038)
100 1 _aМилев, Александър Иванов
_eпърви автор
_9377355
139 _aМилев, Александър Иванов и др.
_bМ 57
245 1 0 _aРечник на чуждите думи в българския език
_cАлександър Милев, Йордан Братков, Божил Николов; с предг. от Владимир Георгиев.
250 _a2. изд.
257 _aBGR
260 _aСофия
_bНаука и изкуство
_c1964
300 _a757 с.
_c21 см
380 _a80
650 4 _aБългарски език - чужди думи
_9258827
650 4 _aЧужди думи - в българския език - речници
_9245118
653 _aречници
653 _aчужди думи
653 _aбългарски език
700 1 _aБратков, Йордан
_eсъавт.
_9282116
700 1 _aНиколов, Божил
_eсъавт.
_9102566
_qИванов, Божил Николов
700 1 _aГеоргиев, Владимир Иванов
_eс предг. от
_952345
852 _aЦб 32164
_bЦб
856 4 _qpdf
856 4 _qpdf
942 _cKNG
_n0
_s1
944 _aCR
_c2022-04-29
_kА.М.